Estadísticas para Resuelve el País Secreto #2

Haz click aquí para intentar la prueba.

Estadísticas generales

  • Esta prueba ha sido intentada 2.657 veces
  • La puntuación promedio es 15 de 27

Estadísticas de respuestas

PistaRespuesta% Correcto
EPRUPerú
100%
GOOTTogo
100%
AALMTMalta
98%
AAGHNGhana
97%
AEIKNKenia
97%
ABIILOVBolivia
91%
AILNOOPPolonia
87%
ABILNOLíbano
83%
AAAEILMNAlemania
82%
BDINRUUBurundi
77%
ALTUUVTuvalu
76%
ELOOSTLesoto
66%
AEGINUGuinea
59%
ABCEGILBélgica
47%
AAEIMNRArmenia
44%
AAABHMSBahamas
42%
AACFINRFrancia
42%
AGLOPRTUPortugal
35%
AGINPRSUSingapur
35%
AEIINSTUEsuatini
18%
AAAILRSTUAustralia
15%
AAADIILNTTailandia
14%
País SecretoINDONESIA
13%
AAAEGLMTUGuatemala
10%
AAEILOQSUVEslovaquia
9%
AEIKMNNRSTTUTurkmenistán
9%
AAAIIMNRTUMauritania
8%

Distribución de puntuación

Porcentaje por número respondido

Porcentaje de gente con cada puntuación

Historial de tus puntuaciones

No has intentado esta prueba.